[Event "Championship Primorsy Debut"]
[Site "?"]
[Date "2015.07.21"]
[Round "1.1"]
[White "Kokarev, Dmitry"]
[Black "Ivanov, Igor"]
[Result "1-0"]
[WhiteElo "2608"]
[BlackElo "2174"]
[PlyCount "93"]
[EventDate "2015.??.??"]

1. e4 e5 2. Nf3 Nc6 3. Bb5 a6 4. Ba4 Nf6 5. O-O b5 6. Bb3 Be7 7. Re1 O-O 8. d3
d6 9. a4 b4 10. Nbd2 Na5 11. Ba2 c5 12. Nf1 h6 13. c3 Nc6 14. Ng3 Re8 15. h3
Bf8 16. d4 Qc7 17. d5 Nb8 18. cxb4 cxb4 19. Be3 Nbd7 20. Rc1 Qb8 21. Nd2 g6 22.
Bc4 Nc5 23. Bxc5 dxc5 24. Qf3 Be7 25. Bb3 Kg7 26. Nc4 a5 27. Red1 Bd6 28. Nf1
Qc7 29. Nfe3 Ba6 30. Nd2 Ra7 31. Bc4 Bc8 32. Bb5 Bd7 33. Bxd7 Qxd7 34. Nec4 Bf8
35. Ra1 Qc7 36. Nb3 Bd6 37. Qe3 Nd7 38. Rac1 Rc8 39. Rc2 Ra6 40. Qd3 Qa7 41.
Nbxa5 Rxa5 42. Nxd6 Rb8 43. b3 Qc7 44. Nc4 Raa8 45. Rdc1 Qd8 46. Qg3 Qf6 47.
Nb2 1-0

[Event "Championship Primorsy Debut"]
[Site "?"]
[Date "2015.07.21"]
[Round "1.2"]
[White "Khokhlova, Daria"]
[Black "Goganov, Aleksey"]
[Result "0-1"]
[WhiteElo "2160"]
[BlackElo "2601"]
[PlyCount "202"]
[EventDate "2015.??.??"]

1. d4 Nf6 2. c4 e6 3. g3 Bb4+ 4. Bd2 Qe7 5. Nf3 Bxd2+ 6. Nbxd2 O-O 7. Bg2 d6 8.
e4 e5 9. d5 a5 10. O-O Na6 11. b3 Bd7 12. Ne1 Nc5 13. Qe2 Ng4 14. h3 Nh6 15.
Nd3 Nxd3 16. Qxd3 f5 17. exf5 Bxf5 18. Ne4 Qd7 19. Kh2 Bg6 20. Qd2 Nf7 21. f4
h6 22. Rf2 b6 23. Raf1 exf4 24. Rxf4 Qe7 25. Nc3 Ne5 26. Nb5 Nd3 27. Rxf8+ Rxf8
28. Rxf8+ Kxf8 29. Nd4 Qe1 30. Qxe1 Nxe1 31. a3 Ke7 32. Bf1 Nc2 33. Nb5 Na1 34.
b4 Nc2 35. bxa5 bxa5 36. Kg1 Kd7 37. Kf2 c6 38. dxc6+ Kxc6 39. Ke2 Kc5 40. Kd2
Nd4 41. Nc3 Nb3+ 42. Ke3 Na1 43. Kd2 Nc2 44. Nb5 Nd4 45. Nc3 Nf5 46. Bd3 Ne7
47. Ke3 Bf5 48. Na4+ Kc6 49. Bf1 Be6 50. g4 g5 51. Nc3 Ng6 52. Ne4 Ne5 53. Nd2
Ng6 54. Ne4 d5 55. cxd5+ Kxd5 56. Nc3+ Ke5 57. Na4 Nf4 58. Nc5 Bd5 59. Na4 Bc6
60. Nb2 Nd5+ 61. Kd2 Kd4 62. Nd1 Nf6 63. Nb2 Ne4+ 64. Ke1 Kc3 65. Nc4 a4 66.
Ne5 Be8 67. Bg2 Nc5 68. Bf1 Kb3 69. Nc4 Ne4 70. Bd3 Kc3 71. Ne5 Kd4 72. Bxe4
Kxe4 73. Nc4 Kd3 74. Nd6 Bg6 75. Kd1 Kc3 76. Kc1 Kd4 77. Kd2 Ke5 78. Nc4+ Kf4
79. Ne3 Be4 80. Ke2 Ke5 81. Ke1 Kd4 82. Kd2 Bd3 83. Nd1 Bf1 84. Ne3 Bd3 85. Nd1
Bb5 86. Ne3 Ke5 87. Ke1 Bd7 88. Nd1 Ke4 89. Ke2 Bb5+ 90. Kf2 Kd3 91. Ne3 Kc3
92. Ke1 Kb3 93. Kd2 Kxa3 94. Kc1 Bd3 95. Kd2 Be4 96. Kc1 Kb3 97. Nf5 a3 98.
Nd4+ Kc4 99. Ne2 Bd3 100. Ng3 Kc3 101. Nf5 a2 0-1

[Event "Championship Primorsy Debut"]
[Site "?"]
[Date "2015.07.21"]
[Round "1.3"]
[White "Smirnov, Pavel"]
[Black "Tanashkin, Alexey"]
[Result "1-0"]
[WhiteElo "2600"]
[BlackElo "2141"]
[PlyCount "165"]
[EventDate "2015.??.??"]

1. d4 d5 2. c4 dxc4 3. e3 e5 4. Bxc4 exd4 5. exd4 Bd6 6. Nf3 Nf6 7. Qe2+ Qe7 8.
Qxe7+ Bxe7 9. O-O O-O 10. Re1 Bd6 11. Nc3 Bf5 12. Bg5 Nbd7 13. Nh4 Bg6 14. Nxg6
hxg6 15. g3 c6 16. Kg2 Rfe8 17. Bb3 Nb6 18. h4 Nbd5 19. Kf3 Kf8 20. g4 Rxe1 21.
Rxe1 Re8 22. Rc1 a6 23. Bd2 Bb4 24. g5 Nxc3 25. bxc3 Ne4 26. Be1 Ba3 27. Rb1
Nd6 28. Bd2 Ne4 29. Be1 Nd6 30. Bc2 b5 31. Bd3 Nf5 32. h5 Bd6 33. Bd2 Ne7 34.
hxg6 Nxg6 35. Rh1 Kg8 36. Be3 Ne7 37. c4 Rb8 38. Bh7+ Kf8 39. Be4 Kg8 40. cxb5
axb5 41. Rc1 Rc8 42. d5 cxd5 43. Rxc8+ Nxc8 44. Bxd5 Ne7 45. Ke4 Kf8 46. Bd4 g6
47. Bb3 Bb4 48. Bf6 Bd6 49. Bd1 Bc5 50. f4 Nf5 51. Bg4 Ne3 52. Bd7 b4 53. Be5
Ke7 54. Ba4 Ke6 55. Bf6 Ng4 56. Bb3+ Kd7 57. Bb2 Ke7 58. Kf3 Ne3 59. Bf6+ Ke8
60. Be5 Ke7 61. Ke4 Bb6 62. Bb8 f5+ 63. Ke5 Bc5 64. Bg8 Kf8 65. Be6 Ke7 66. Bb3
Ng2 67. Bd5 Ne3 68. Bf3 Nf1 69. Kd5 Be3 70. Bd6+ Kd7 71. Bd1 Nd2 72. Ba4+ Kd8
73. Ke6 Ne4 74. Be7+ Kc7 75. Kf7 Bxf4 76. Kxg6 Ng3 77. Bc2 Kc6 78. Bxb4 Be3 79.
Be7 f4 80. Bd1 Bd4 81. Bf6 Bc5 82. Kf7 Ne4 83. Bf3 1-0

[Event "Championship Primorsy Debut"]
[Site "?"]
[Date "2015.07.21"]
[Round "1.4"]
[White "Feduk, Viktor"]
[Black "Maletin, Pavel"]
[Result "0-1"]
[WhiteElo "2119"]
[BlackElo "2583"]
[PlyCount "122"]
[EventDate "2015.??.??"]

1. e4 c5 2. c3 Nf6 3. e5 Nd5 4. d4 cxd4 5. cxd4 d6 6. Nf3 Nc6 7. Bc4 dxe5 8.
Nxe5 e6 9. O-O Be7 10. Nf3 O-O 11. Nc3 Nxc3 12. bxc3 b6 13. Be3 Bb7 14. Qe2 Rc8
15. Rac1 Bf6 16. Rfd1 Ne7 17. Bd3 Qc7 18. Ng5 g6 19. Ne4 Bg7 20. Bg5 Bxe4 21.
Qxe4 Nf5 22. Bf4 Qe7 23. Ba6 Rcd8 24. g4 Nd6 25. Qe3 b5 26. Bxd6 Rxd6 27. Bxb5
Rfd8 28. Be2 Qc7 29. Qf3 Rb6 30. Rb1 Rc8 31. Rxb6 axb6 32. c4 Rd8 33. Qe4 Bf8
34. h3 Qa7 35. Rd2 Qa5 36. Qe3 Be7 37. d5 Bc5 38. Qd3 e5 39. Bf3 Rd6 40. Re2
Bd4 41. g5 Qa8 42. Bg4 Qd8 43. Qd2 Qc7 44. Qd3 Rd8 45. Kg2 Bc5 46. Qe4 Bd6 47.
Rb2 Ra8 48. h4 Ra4 49. Be2 Ra3 50. Bg4 Kg7 51. Be2 Bc5 52. Bg4 Bd6 53. Be2 Qd7
54. Bg4 Qa7 55. Qb1 b5 56. Rxb5 Qd4 57. Qd1 Qe4+ 58. Kg1 Qxc4 59. Rb7 Bc5 60.
Rb3 Rxa2 61. Rh3 Rxf2 0-1

[Event "Championship Primorsy Debut"]
[Site "?"]
[Date "2015.07.21"]
[Round "1.5"]
[White "Shomoev, Anton"]
[Black "I, En Bok"]
[Result "1-0"]
[WhiteElo "2578"]
[BlackElo "2114"]
[PlyCount "73"]
[EventDate "2015.??.??"]

1. e4 c5 2. Nf3 d6 3. d4 cxd4 4. Nxd4 Nf6 5. Nc3 a6 6. Be3 e5 7. Nb3 Be6 8. Qd2
h6 9. f4 Ng4 10. f5 Nxe3 11. fxe6 Qg5 12. exf7+ Kxf7 13. Nd5 Qh4+ 14. g3 Qxe4
15. Qxe3 Qxd5 16. Qf2+ Ke8 17. Bg2 Qb5 18. Rf1 Nd7 19. Qf7+ Kd8 20. O-O-O Rc8
21. Kb1 Rc7 22. Qg6 h5 23. Bh3 a5 24. Qg5+ Be7 25. Qxg7 Re8 26. Bxd7 Rxd7 27.
Nd2 a4 28. c4 Qc6 29. Qg6 b5 30. Qd3 bxc4 31. Nxc4 Qc5 32. Rf5 Qc7 33. Qd5 Kc8
34. Qa8+ Qb8 35. Nb6+ Kc7 36. Nd5+ Kc8 37. Rc1+ 1-0

[Event "Championship Primorsy Debut"]
[Site "?"]
[Date "2015.07.21"]
[Round "1.6"]
[White "Kalinin, Oleg"]
[Black "Pridorozhni, Aleksei"]
[Result "0-1"]
[WhiteElo "2111"]
[BlackElo "2569"]
[PlyCount "90"]
[EventDate "2015.??.??"]

1. d4 c5 2. d5 e5 3. c4 d6 4. e4 g6 5. Nc3 f5 6. exf5 Bxf5 7. Bd3 Nf6 8. Nge2
Bxd3 9. Qxd3 Bg7 10. O-O Nbd7 11. Ng3 Qb6 12. Bg5 O-O 13. b3 a6 14. Rae1 Qc7
15. f4 exf4 16. Bxf4 Ng4 17. Nce4 Bd4+ 18. Kh1 Nde5 19. Qd2 b5 20. h3 Nf6 21.
Bh6 Nxe4 22. Nxe4 Rxf1+ 23. Rxf1 Nf7 24. Nf6+ Bxf6 25. Rxf6 bxc4 26. bxc4 Re8
27. Bf4 Qd7 28. Qb2 Re4 29. Qb8+ Re8 30. Qb2 Re1+ 31. Kh2 Qe7 32. Qb8+ Kg7 33.
Rxd6 Nxd6 34. Bxd6 Qf6 35. Bxc5 g5 36. Qc7+ Kg6 37. Qg3 Qf4 38. Bf2 Rd1 39. h4
Rd3 40. Qxf4 gxf4 41. g4 fxg3+ 42. Bxg3 Rd4 43. c5 Rxd5 44. c6 Rd2+ 45. Kh3
Rxa2 0-1

[Event "Championship Primorsy Debut"]
[Site "?"]
[Date "2015.07.21"]
[Round "1.7"]
[White "Savchenko, Boris"]
[Black "Trapeznikova, Darya"]
[Result "1-0"]
[WhiteElo "2566"]
[BlackElo "2069"]
[PlyCount "67"]
[EventDate "2015.??.??"]

1. e4 e6 2. d4 d5 3. Nc3 Bb4 4. e5 Ne7 5. a3 Bxc3+ 6. bxc3 c5 7. h4 Qa5 8. Bd2
Nbc6 9. h5 h6 10. Nf3 Qa4 11. Rh4 Nf5 12. Rg4 b6 13. Qb1 Ba6 14. Qb3 Qxb3 15.
cxb3 Bxf1 16. Kxf1 Na5 17. Rb1 c4 18. b4 Nb3 19. a4 a5 20. b5 Nxd2+ 21. Nxd2
O-O 22. Ke2 Kh7 23. Nf3 g5 24. hxg6+ fxg6 25. Rh1 Kg7 26. Ng1 Rae8 27. Rf4 Ne7
28. Rfh4 Rh8 29. Nh3 Kf7 30. Ng5+ Kg8 31. Rxh6 Rxh6 32. Rxh6 Kg7 33. Rh7+ Kg8
34. g4 1-0

[Event "Championship Primorsy Debut"]
[Site "?"]
[Date "2015.07.21"]
[Round "1.8"]
[White "Chernikov, Daniil"]
[Black "Bocharov, Dmitry"]
[Result "0-1"]
[WhiteElo "2028"]
[BlackElo "2561"]
[PlyCount "64"]
[EventDate "2015.??.??"]

1. c4 g6 2. Nc3 Bg7 3. g3 e5 4. Bg2 Ne7 5. e4 c6 6. Nge2 a6 7. b3 b5 8. Ba3 O-O
9. Bd6 Re8 10. a4 bxc4 11. a5 Bb7 12. bxc4 Nc8 13. Bc5 d6 14. Qb3 Re7 15. Be3
c5 16. O-O Bc6 17. Qa3 Rb7 18. d3 Be8 19. f4 Nc6 20. f5 Rab8 21. Bh3 Nd4 22.
Bxd4 cxd4 23. Nd5 Ne7 24. Nxe7+ Qxe7 25. Qc1 Rb3 26. Ra3 Rb2 27. Bg4 d5 28. Qa1
Qg5 29. Bf3 Qe3+ 30. Kh1 Rxe2 31. Bxe2 Qxe2 32. Ra2 Qxd3 0-1

[Event "Championship Primorsy Debut"]
[Site "?"]
[Date "2015.07.21"]
[Round "1.9"]
[White "Rozum, Ivan"]
[Black "Mikhailova, Lubov"]
[Result "1-0"]
[WhiteElo "2535"]
[BlackElo "2024"]
[PlyCount "53"]
[EventDate "2015.??.??"]

1. d4 Nf6 2. Nf3 g6 3. Bg5 Bg7 4. Nbd2 O-O 5. c3 d5 6. e3 Bf5 7. Be2 Nbd7 8.
O-O Re8 9. h3 e5 10. g4 Be4 11. Nxe5 Nxe5 12. dxe5 Rxe5 13. Bf4 Re6 14. f3 g5
15. Bxg5 Bg6 16. Rf2 h6 17. Bf4 c5 18. Nf1 d4 19. e4 Bxe4 20. cxd4 cxd4 21.
fxe4 Nxe4 22. Rf3 Qh4 23. Bd3 Rae8 24. Rc1 h5 25. gxh5 Qxh5 26. Ng3 Rg6 27.
Bxe4 1-0

[Event "Championship Primorsy Debut"]
[Site "?"]
[Date "2015.07.21"]
[Round "1.10"]
[White "Petrenko, Andrey Yu"]
[Black "Zablotsky, Sergei"]
[Result "1-0"]
[WhiteElo "2007"]
[BlackElo "2533"]
[PlyCount "41"]
[EventDate "2015.??.??"]

1. e4 c5 2. Nf3 a6 3. c4 Nc6 4. d4 cxd4 5. Nxd4 e5 6. Nf5 d5 7. cxd5 Bxf5 8.
exf5 Nd4 9. Nc3 Ne7 10. Bd3 Nexf5 11. O-O Bd6 12. Qg4 h5 13. Qh3 g6 14. f4 Qb6
15. Kh1 exf4 16. Bxf4 O-O-O 17. Be3 Kb8 18. Bxf5 gxf5 19. Rad1 Be5 20. Qh4 f4
21. Bxd4 1-0

[Event "Championship Primorsy Debut"]
[Site "?"]
[Date "2015.07.22"]
[Round "2.1"]
[White "Musaev, Rasul"]
[Black "Kokarev, Dmitry"]
[Result "0-1"]
[WhiteElo "2341"]
[BlackElo "2608"]
[PlyCount "82"]
[EventDate "2015.??.??"]

1. e4 c5 2. Nf3 d6 3. d4 cxd4 4. Nxd4 Nf6 5. Nc3 a6 6. Be3 e5 7. Nb3 Be6 8. h3
Nbd7 9. g4 b5 10. Bg2 Nb6 11. g5 Nfd7 12. Na5 Rc8 13. Qd2 Be7 14. Nd5 Bxd5 15.
exd5 Nc4 16. Nxc4 Rxc4 17. h4 O-O 18. Bf1 Rc7 19. h5 f5 20. gxf6 Bxf6 21. O-O-O
e4 22. Kb1 Nc5 23. Bxc5 Rxc5 24. Bg2 Qe7 25. Rhe1 Rc4 26. c3 Qe5 27. Qc2 Re8
28. Rd4 Rxd4 29. cxd4 Qxh5 30. Bxe4 g6 31. Rh1 Qxh1+ 32. Bxh1 Re1+ 33. Qc1
Rxc1+ 34. Kxc1 Bxd4 35. f3 Kg7 36. b3 Kf6 37. Kd2 Ke5 38. Kd3 Bc5 39. Bg2 Kf4
40. Ke2 Kg3 41. Kf1 h5 0-1

[Event "Championship Primorsy Debut"]
[Site "?"]
[Date "2015.07.22"]
[Round "2.2"]
[White "Goganov, Aleksey"]
[Black "Rychkov, Oleg"]
[Result "1-0"]
[WhiteElo "2601"]
[BlackElo "2328"]
[PlyCount "171"]
[EventDate "2015.??.??"]

1. c4 Nf6 2. Nc3 e5 3. Nf3 Nc6 4. g3 Bb4 5. Nd5 Bc5 6. Bg2 O-O 7. O-O d6 8. d3
h6 9. e3 a5 10. b3 Ba7 11. Bb2 Nxd5 12. cxd5 Ne7 13. Nd2 c6 14. dxc6 Nxc6 15.
Nc4 Re8 16. d4 e4 17. d5 Nb4 18. Bc3 Bc5 19. Qd2 Qg5 20. Nxa5 Nxd5 21. b4 Nxc3
22. Qxc3 Bxb4 23. Qxb4 Qxa5 24. Qxd6 Qe5 25. Qb4 b5 26. a4 Rxa4 27. Rxa4 bxa4
28. Qxa4 Bf5 29. Rd1 Rb8 30. h3 Kh7 31. Qd4 Qe6 32. g4 Bg6 33. Qd6 Qc8 34. Qf4
Rb4 35. h4 Qc2 36. Rd5 Qc4 37. Re5 f6 38. Re7 Kg8 39. h5 Bf7 40. Qd6 Rb1+ 41.
Kh2 Qc8 42. Bxe4 Qb8 43. Qxb8+ Rxb8 44. Bg6 Bc4 45. Kg3 Kf8 46. Rc7 Bb5 47. f4
Rd8 48. Rf7+ Kg8 49. Rb7 Bc6 50. Rc7 Bd5 51. e4 Ba2 52. e5 fxe5 53. fxe5 Kf8
54. Bf5 Rd1 55. Ra7 Bc4 56. Kf4 Re1 57. Rc7 Bb3 58. Bd3 Be6 59. Rc6 Ke7 60. Bc4
Bxc4 61. Rxc4 Rf1+ 62. Ke4 Ra1 63. Kf5 Ra6 64. Rc7+ Kf8 65. Rd7 Rb6 66. Rd6 Rb7
67. Rd5 Rb6 68. e6 Ra6 69. Rd8+ Ke7 70. Rd7+ Kf8 71. Kg6 Ra4 72. Rf7+ Ke8 73.
Rxg7 Rxg4+ 74. Kxh6 Re4 75. e7 Re6+ 76. Kh7 Re5 77. h6 Rh5 78. Kg6 Rh1 79. h7
Rg1+ 80. Kf6 Rf1+ 81. Ke5 Re1+ 82. Kd4 Rd1+ 83. Kc3 Rc1+ 84. Kd2 Rh1 85. Rg8+
Kxe7 86. h8=Q 1-0

[Event "Championship Primorsy Debut"]
[Site "?"]
[Date "2015.07.22"]
[Round "2.3"]
[White "Kravtsov, Sergey"]
[Black "Smirnov, Pavel"]
[Result "0-1"]
[WhiteElo "2325"]
[BlackElo "2600"]
[PlyCount "91"]
[EventDate "2015.??.??"]

1. e4 e5 2. Nf3 Nc6 3. d4 exd4 4. Nxd4 Nf6 5. Nxc6 bxc6 6. e5 Qe7 7. Qe2 Nd5 8.
c4 Nb6 9. Nd2 Bb7 10. b3 g6 11. Bb2 Bg7 12. O-O-O O-O 13. f4 c5 14. h4 Rae8 15.
Qg4 d6 16. h5 dxe5 17. hxg6 fxg6 18. Qh3 Bf6 19. fxe5 Bg5 20. Bd3 Qd7 21. Rhf1
Rxf1 22. Rxf1 Qxh3 23. gxh3 Nd7 24. Re1 Bf6 25. e6 Bxb2+ 26. Kxb2 Nf8 27. e7
Nd7 28. h4 Kf7 29. h5 gxh5 30. Bxh7 Nf6 31. Bf5 Rxe7 32. Rxe7+ Kxe7 33. Kc3 Kd6
34. Kd3 Ke5 35. Bh3 Kf4 36. Nf1 h4 37. a3 Be4+ 38. Kc3 Bf3 39. b4 Ne4+ 40. Kc2
Be2 41. bxc5 Bxc4 42. Nd2 Nxd2 43. Kxd2 Kg3 44. Bd7 Bf7 45. Ke3 Bh5 46. Kd4 0-1

[Event "Championship Primorsy Debut"]
[Site "?"]
[Date "2015.07.22"]
[Round "2.4"]
[White "Maletin, Pavel"]
[Black "Sutormin, Danila"]
[Result "1-0"]
[WhiteElo "2583"]
[BlackElo "2306"]
[PlyCount "73"]
[EventDate "2015.??.??"]

1. Nf3 Nf6 2. c4 g6 3. g3 Bg7 4. Bg2 O-O 5. d4 d6 6. O-O Nc6 7. Nc3 a6 8. Bf4
Rb8 9. Rc1 Bd7 10. Qd2 Re8 11. Rfd1 b5 12. Nd5 bxc4 13. Nxf6+ exf6 14. Rxc4 Ne7
15. Ne1 Bb5 16. Rc3 g5 17. Be3 Nf5 18. Nc2 Nxe3 19. Rxe3 f5 20. Rxe8+ Bxe8 21.
Nb4 a5 22. Nc6 Bxc6 23. Bxc6 d5 24. b3 Rb4 25. Qe3 Rb6 26. Rc1 Rb4 27. Rc5 Bxd4
28. Rxd5 Qf6 29. Qe8+ Kg7 30. e3 Ba7 31. Qd7 Kg6 32. Qxc7 Bb8 33. Qc8 f4 34.
gxf4 Bxf4 35. exf4 Rxf4 36. Bb5 Rxf2 37. Qc5 1-0

[Event "Championship Primorsy Debut"]
[Site "?"]
[Date "2015.07.22"]
[Round "2.5"]
[White "Sin, Denis"]
[Black "Shomoev, Anton"]
[Result "0-1"]
[WhiteElo "2305"]
[BlackElo "2578"]
[PlyCount "106"]
[EventDate "2015.??.??"]

1. d4 g6 2. e4 Bg7 3. c4 Nc6 4. Be3 e5 5. Ne2 Nf6 6. d5 Ne7 7. f3 d6 8. Nbc3 c5
9. Ng3 O-O 10. Bd3 Ne8 11. O-O f5 12. exf5 Nxf5 13. Nxf5 gxf5 14. Qd2 Nf6 15.
Rab1 b6 16. b4 cxb4 17. Rxb4 Bd7 18. a4 e4 19. Be2 exf3 20. Bxf3 Rc8 21. Nb5
Bxb5 22. cxb5 Nd7 23. Rc1 Rxc1+ 24. Qxc1 Nc5 25. Qd2 Re8 26. Bf2 Qf6 27. Bd4
Qe7 28. Bf2 Qf6 29. Bd4 Bh6 30. Bxf6 Bxd2 31. Rc4 Re1+ 32. Kf2 Kf7 33. Bd4 Nd3+
34. Kg3 Kg6 35. Rc8 Re7 36. Rg8+ Kh6 37. h4 Bf4+ 38. Kh3 Re1 39. g3 Be5 40.
Bxe5 Nxe5 41. Bg2 Re3 42. Kh2 Ng4+ 43. Kh3 Nf6 44. Rg5 f4 45. Kh2 f3 46. Bf1
Re1 47. Bd3 Rd1 48. Bc4 Ne4 49. Rf5 Rh1+ 50. Kxh1 Nxg3+ 51. Kh2 Nxf5 52. Bd3
Nxh4 53. Kg3 Ng6 0-1

[Event "Championship Primorsy Debut"]
[Site "?"]
[Date "2015.07.22"]
[Round "2.6"]
[White "Pridorozhni, Aleksei"]
[Black "Muratov, Sergey"]
[Result "1-0"]
[WhiteElo "2569"]
[BlackElo "2218"]
[PlyCount "57"]
[EventDate "2015.??.??"]

1. c4 c6 2. Nc3 d5 3. d4 Nf6 4. Nf3 e6 5. e3 Be7 6. g4 b6 7. g5 Nfd7 8. h4 Bb7
9. Bd2 Nf8 10. Qc2 Nbd7 11. O-O-O h6 12. gxh6 Rxh6 13. e4 Rh5 14. Be2 Ng6 15.
exd5 cxd5 16. Ng5 Rxg5 17. hxg5 Bxg5 18. cxd5 Bxd2+ 19. Qxd2 Nf6 20. Bd3 Nf8
21. Bb5+ Ke7 22. Bc6 Bxc6 23. dxc6 Rc8 24. Kb1 Rxc6 25. Qg5 Ng6 26. f4 Rd6 27.
d5 Qd7 28. dxe6 Qxe6 29. Rde1 1-0

[Event "Championship Primorsy Debut"]
[Site "?"]
[Date "2015.07.22"]
[Round "2.7"]
[White "Kilbienep, Tuskul"]
[Black "Savchenko, Boris"]
[Result "0-1"]
[WhiteElo "2220"]
[BlackElo "2566"]
[PlyCount "82"]
[EventDate "2015.??.??"]

1. d4 e6 2. Nf3 Nf6 3. c4 c5 4. d5 b5 5. dxe6 fxe6 6. e3 bxc4 7. Bxc4 Be7 8.
Nc3 Bb7 9. Qe2 Nc6 10. O-O O-O 11. Rd1 Qc7 12. e4 Nd4 13. Nxd4 cxd4 14. Nb5 Qe5
15. Nxd4 Rac8 16. Ba6 Bxa6 17. Qxa6 Ng4 18. f4 Qxe4 19. Qd3 Rxf4 20. Bxf4 Qxf4
21. Qg3 Qxg3 22. hxg3 Bc5 23. Kf1 Ne3+ 24. Ke2 Nxd1 25. Rxd1 Bxd4 26. Rxd4 Rc2+
27. Kf3 Rxb2 28. Rxd7 Rxa2 29. Re7 Ra6 30. Kf4 Kf8 31. Rb7 Ra2 32. g4 Ra4+ 33.
Kg5 h6+ 34. Kh5 Ra5+ 35. Kh4 Ra2 36. Kg3 a5 37. Ra7 a4 38. Kf3 a3 39. g3 Ra1
40. Ke2 a2 41. Kf2 Rh1 0-1

[Event "Championship Primorsy Debut"]
[Site "?"]
[Date "2015.07.22"]
[Round "2.8"]
[White "Bocharov, Dmitry"]
[Black "Tugarin, Anton"]
[Result "1-0"]
[WhiteElo "2561"]
[BlackElo "2177"]
[PlyCount "113"]
[EventDate "2015.??.??"]

1. Nf3 d5 2. g3 Bg4 3. Bg2 Nd7 4. c4 e6 5. cxd5 exd5 6. O-O c6 7. d3 Ngf6 8. e4
dxe4 9. dxe4 Nc5 10. Nbd2 Be7 11. h3 Bxf3 12. Qxf3 Qd3 13. Qd1 O-O 14. e5 Nd5
15. Qg4 Qg6 16. Qxg6 hxg6 17. Bxd5 cxd5 18. Nf3 Ne6 19. Be3 Bc5 20. Bxc5 Nxc5
21. Rfd1 Rfd8 22. Rac1 Ne6 23. Kg2 Kf8 24. Rd2 Rd7 25. Ne1 Ke7 26. f4 a5 27.
Nd3 a4 28. g4 Rc7 29. Rxc7+ Nxc7 30. Rc2 Na6 31. Kg3 Rh8 32. h4 Rd8 33. f5 gxf5
34. gxf5 b6 35. Kf3 d4 36. Rc4 g6 37. f6+ Ke8 38. Ke2 Nc5 39. Nxc5 bxc5 40.
Rxc5 Rb8 41. Kd3 Rxb2 42. Rc2 Rb5 43. Ke4 d3 44. Rc8+ Kd7 45. Rc4 Rb2 46. Rxa4
d2 47. Rd4+ Ke8 48. a3 Ra2 49. Kf4 Rxa3 50. Rxd2 Ra4+ 51. Kg5 Ra5 52. Kh6 Rxe5
53. Ra2 Rh5+ 54. Kg7 g5 55. Re2+ Kd7 56. hxg5 Rxg5+ 57. Kxf7 1-0

[Event "Championship Primorsy Debut"]
[Site "?"]
[Date "2015.07.22"]
[Round "2.9"]
[White "Zherebtsova, Alexandra"]
[Black "Rozum, Ivan"]
[Result "0-1"]
[WhiteElo "2210"]
[BlackElo "2535"]
[PlyCount "74"]
[EventDate "2015.??.??"]

1. d4 Nf6 2. Nf3 e6 3. c4 c5 4. d5 exd5 5. cxd5 d6 6. Nc3 a6 7. a4 g6 8. Bf4
Bg7 9. h3 O-O 10. e3 Ne8 11. Be2 Nd7 12. O-O Qe7 13. Re1 f5 14. Bh2 Nef6 15.
Ng5 Ne5 16. Qb3 Re8 17. Rad1 Nf7 18. Ne6 Bh6 19. Bc4 Ne4 20. Nxe4 fxe4 21. Qb6
Rb8 22. Nxc5 Bxh3 23. gxh3 Rbc8 24. b4 Qg5+ 25. Kh1 Qf5 26. Be2 Qxh3 27. Nxb7
Rc2 28. Qxa6 Bg7 29. Rg1 Be5 30. Rg2 Ng5 31. Nxd6 Rf8 32. Nc4 Rxe2 33. Nxe5
Rfxf2 34. Rxf2 Rxf2 35. Qa8+ Kg7 36. Qb7+ Kh6 37. Ng4+ Qxg4 0-1

[Event "Championship Primorsy Debut"]
[Site "?"]
[Date "2015.07.22"]
[Round "2.10"]
[White "Pahomov, Ruslan"]
[Black "Papin, Vasily"]
[Result "0-1"]
[WhiteElo "2175"]
[BlackElo "2500"]
[PlyCount "66"]
[EventDate "2015.??.??"]

1. e4 c5 2. Nf3 e6 3. c4 Nc6 4. Nc3 Nd4 5. g3 Ne7 6. Bg2 Nec6 7. Nxd4 cxd4 8.
Ne2 h5 9. h4 a5 10. O-O g5 11. hxg5 Qxg5 12. d3 Qg7 13. Nf4 Qh7 14. Nh3 Be7 15.
Bg5 Rg8 16. f4 d6 17. Kh2 h4 18. Bxh4 Bxh4 19. gxh4 Qxh4 20. Qf3 Bd7 21. Rg1
Ke7 22. a3 a4 23. Qf2 Qf6 24. Bf3 Rh8 25. Qg3 Rh4 26. Qg5 Qxg5 27. Rxg5 Rah8
28. Bg2 Rxf4 29. Kg3 Rfh4 30. c5 Ne5 31. Nf4 Kf6 32. Rg8 Rxg8+ 33. Kxh4 Rg4+
0-1

[Event "Championship Primorsy Debut"]
[Site "?"]
[Date "2015.07.23"]
[Round "3.1"]
[White "Kokarev, Dmitry"]
[Black "Bocharov, Dmitry"]
[Result "1/2-1/2"]
[WhiteElo "2608"]
[BlackElo "2561"]
[PlyCount "95"]
[EventDate "2015.??.??"]

1. e4 c6 2. d4 d5 3. Nc3 dxe4 4. Nxe4 Nd7 5. Ng5 Ngf6 6. Bd3 e6 7. N1f3 Bd6 8.
Qe2 h6 9. Ne4 Nxe4 10. Qxe4 Nf6 11. Qe2 b6 12. Bd2 Bb7 13. O-O-O Qc7 14. Ne5 c5
15. Bb5+ Ke7 16. dxc5 Qxc5 17. a3 a5 18. Bc3 Rad8 19. Bd4 Qc7 20. Rhe1 Bd5 21.
Kb1 Kf8 22. f3 Kg8 23. g4 Ba8 24. Nxf7 Qxf7 25. Bxb6 Kh7 26. Qxe6 Qxe6 27. Rxe6
Bc7 28. Bd3+ Rxd3 29. Rxd3 Bxh2 30. Bxa5 Nd5 31. Rd2 Bf4 32. Rd4 Bg5 33. Ra6
Nf4 34. Bd2 Ne2 35. Rda4 Bxf3 36. Bxg5 hxg5 37. R4a5 Rd8 38. b4 Nc3+ 39. Kb2
Nd1+ 40. Kb3 Bd5+ 41. c4 Bf7 42. Re5 Rd3+ 43. Kc2 Bxc4 44. Rc6 Rc3+ 45. Kd2
Rd3+ 46. Kc2 Rc3+ 47. Kd2 Rd3+ 48. Kc2 1/2-1/2

[Event "Championship Primorsy Debut"]
[Site "?"]
[Date "2015.07.23"]
[Round "3.2"]
[White "Rozum, Ivan"]
[Black "Goganov, Aleksey"]
[Result "1/2-1/2"]
[WhiteElo "2535"]
[BlackElo "2601"]
[PlyCount "83"]
[EventDate "2015.??.??"]

1. d4 Nf6 2. c4 g6 3. Nc3 Bg7 4. e4 O-O 5. Nf3 d6 6. Be2 e5 7. O-O Nc6 8. d5
Ne7 9. b4 Nh5 10. Re1 f5 11. Ng5 Nf6 12. Bf3 h6 13. Ne6 Bxe6 14. dxe6 c6 15. b5
fxe4 16. Nxe4 Nxe4 17. Bxe4 d5 18. cxd5 cxd5 19. Ba3 dxe4 20. Qxd8 Rfxd8 21.
Bxe7 Re8 22. Bc5 Rxe6 23. Rxe4 a6 24. bxa6 Rexa6 25. a3 Bf8 26. Bxf8 Kxf8 27.
Rxe5 Rxa3 28. Rxa3 Rxa3 29. g4 Rb3 30. Re6 Kf7 31. Rd6 b5 32. Rb6 b4 33. Kg2
Rb1 34. h4 b3 35. Kf3 b2 36. Kf4 Ke7 37. h5 gxh5 38. gxh5 Rh1 39. Rxb2 Rxh5 40.
Rb7+ Kf6 41. Rb6+ Kf7 42. Ke4 1/2-1/2

[Event "Championship Primorsy Debut"]
[Site "?"]
[Date "2015.07.23"]
[Round "3.3"]
[White "Smirnov, Pavel"]
[Black "Papin, Vasily"]
[Result "1-0"]
[WhiteElo "2600"]
[BlackElo "2500"]
[PlyCount "65"]
[EventDate "2015.??.??"]

1. e4 c5 2. Nf3 e6 3. d4 cxd4 4. Nxd4 a6 5. c4 Nf6 6. Nc3 Bb4 7. Qd3 d6 8. Nc2
Bc5 9. b4 Ba7 10. Be2 Nc6 11. O-O O-O 12. Bf4 Ne8 13. Rad1 Qf6 14. Be3 Ne5 15.
Qd2 Bxe3 16. Qxe3 Nd7 17. c5 dxc5 18. bxc5 Qe5 19. Na4 Nef6 20. f3 Rb8 21. Nb4
Qc7 22. Rc1 Ne5 23. Nb6 Nc6 24. Nxc6 Qxc6 25. Rfd1 e5 26. Rd6 Qc7 27. Rxf6 Be6
28. Rxe6 fxe6 29. Bc4 Rfe8 30. Bb3 Rbd8 31. Nc4 Rd4 32. Nd6 Re7 33. Nf5 1-0

[Event "Championship Primorsy Debut"]
[Site "?"]
[Date "2015.07.23"]
[Round "3.4"]
[White "Keosidi, Konstantin"]
[Black "Maletin, Pavel"]
[Result "0-1"]
[WhiteElo "2401"]
[BlackElo "2583"]
[PlyCount "124"]
[EventDate "2015.??.??"]

1. d4 Nf6 2. Nf3 e6 3. e3 b6 4. Bd3 Bb7 5. O-O d5 6. b3 Bd6 7. Bb2 O-O 8. Nbd2
c5 9. Ne5 Nc6 10. a3 Rc8 11. f4 Ne7 12. Qe2 Ne4 13. c4 Nf5 14. Rad1 Qe7 15. a4
cxd4 16. exd4 Nxd2 17. Rxd2 Bb4 18. Rdd1 Rfd8 19. Nf3 dxc4 20. bxc4 Bxf3 21.
Qxf3 Nxd4 22. Bxd4 Rxd4 23. Bxh7+ Kxh7 24. Rxd4 Bc5 25. Qd3+ Kg8 26. Kh1 Bxd4
27. Qxd4 Qb4 28. f5 Qxc4 29. Qf2 Qc2 30. Qxc2 Rxc2 31. fxe6 fxe6 32. h3 Rc4 33.
Ra1 a5 34. Kg1 Kf7 35. Kf2 Kf6 36. Ke3 Ke5 37. Ra3 Rb4 38. Kf3 Kd4 39. h4 e5
40. Ra1 Kc3 41. h5 Rf4+ 42. Kg3 Rf7 43. Re1 Rf5 44. Kg4 Rf4+ 45. Kg5 Rxa4 46.
Rxe5 Ra2 47. g4 a4 48. Kg6 Rg2 49. Re3+ Kd4 50. Ra3 b5 51. g5 Kc5 52. Rf3 Kb6
53. Re3 b4 54. Re6+ Kc5 55. Re5+ Kc4 56. Kxg7 b3 57. h6 b2 58. h7 Rh2 59. Re4+
Kd5 60. Rb4 a3 61. g6 a2 62. Rxb2 a1=Q 0-1